نین تکجی پیا (Record no. 11764)
[ view plain ]
| 000 -LEADER | |
|---|---|
| fixed length control field | 00226nam a22001097a 4500 |
| 082 ## - DEWEY DECIMAL CLASSIFICATION NUMBER | |
| Classification number | ع ا ل |
| 100 ## - MAIN ENTRY--AUTHOR NAME | |
| Personal name | عادل سخیرانی |
| 245 ## - TITLE STATEMENT | |
| Title | نین تکجی پیا |
| 260 ## - PUBLICATION, DISTRIBUTION, ETC. (IMPRINT) | |
| Year of publication | ۱۹۹۲ |
| 300 ## - PHYSICAL DESCRIPTION | |
| Number of Pages | ۱۵۲ |
| 942 ## - ADDED ENTRY ELEMENTS (KOHA) | |
| Koha item type | Books |
| Withdrawn status | Lost status | Home library | Current library | Date acquired | Cost, normal purchase price | Full call number | Accession Number | Koha item type |
|---|---|---|---|---|---|---|---|---|
| Central Library, QUEST, Nawabshah | Central Library, QUEST, Nawabshah | 01/01/2015 | 35.00 | ع ا ل | 22787 | Books |